BOTTOM 15 Feel welcome - Statistics

General Stats
  • This quiz has been taken 10 times
  • The average score is 13 of 15
Answer Stats
Bottom (tip) Answer % Correct
8. (Europe) Estonia
100%
5. (Europe) Switzerland
100%
7. (Europe) United Kingdom
100%
3. (Europe) Austria
89%
2. (Europe) Denmark
89%
11. (Europe) Finland
89%
9. (Europe) Germany
89%
13. (Europe) Italy
89%
10. (Europe) Norway
89%
15. (Europe) Russia
89%
6. (Europe) Sweden
89%
4. (Europe) Czechia
78%
1. (Middle East) Kuwait
67%
12. (Europe) Poland
67%
14. (Europe) Malta
56%
No matching quizzes found
Score Distribution
Percent of People with Each Score
Percentile by Number Answered
Your Score History
You have not taken this quiz